000 00693nam a2200229Ia 4500
003 OSt
005 20230530144302.0
008 210423s2005 xx 000 0 und d
020 _a8189267051
040 _cAL
041 _aeng
082 _a361.3
_223
_bSINT
100 _aSINGH (Surendra);SRIVASTAVA (S P)
_9117011
245 _aTeaching and practure of social work in india:realities and response
260 _aLucknow
_bNew Royal Books Co
_c2005
300 _axvii,298
_bHB
365 _b795
_cINR
650 _aSocial Problems & Services
_9117012
650 _aSocial Work
_9117013
906 _aindia:realities ; practure ; response ; social ; Teaching ; work
942 _2ddc
_cBK
999 _c175486
_d175486